000 00516nam a2200145Ia 4500
008 100204s9999 xx 000 0 und d
082 _b11476
100 _aकदम बा.
245 _aशाळा सुटली पाटी फुटली
260 _b"मधुर पब्लिकेशन , पुणे 2"
_c1987
300 _a360
630 _aशाळा सुटली पाटी फुटली
730 _aशाळा सुटली पाटी फुटली
942 _cBOOK
999 _c455912
_d455909